[Event "Calvia Amateur op 14th"]
[Site "Calvia"]
[Date "2017.10.10"]
[Round "4"]
[White "Leaper, Richard"]
[Black "Mitenieks, Matiss"]
[Result "0-1"]
[WhiteElo "1553"]
[BlackElo "1891"]
[PlyCount "60"]
[EventDate "2017.10.07"]
[EventType "swiss"]
[EventRounds "9"]
[EventCountry "ESP"]
[SourceTitle "CBM 181 Extra"]
[Source "ChessBase"]
[SourceDate "2017.12.12"]
[SourceVersion "1"]
[SourceVersionDate "2017.12.12"]
[SourceQuality "1"]

1. e4 c5 2. Nf3 a6 3. d4 cxd4 4. Nxd4 d6 5. Be3 Nf6 6. Nc3 e6 7. f3 b5 8. Qd2 Bb7 9. 0-0-0 Nbd7 10. g4 Ne5 11. Qf2 Be7 12. h4 Rc8 13. h5 Nfxg4 14. fxg4 Nxg4 15. Qg3 Nxe3 16. Qxg7 Bf6 17. Qg1 Nxd1 18. Kxd1 b4 19. Nce2 Bxe4 20. Rh3 e5 21. Re3 d5 22. Nf3 Rxc2 23. Rxe4 dxe4+ 24. Kxc2 exf3 25. Nc1 Qc8+ 26. Kb1 Qf5+ 27. Bd3 e4 28. Qe3 Qe5 29. Qxe4 Qxe4 30. Bxe4 f2 0-1

[Event "GBR-ch Morning op 104th"]
[Site "Llandudno"]
[Date "2017.08.04"]
[Round "5"]
[White "Connolly Sams, Lukah"]
[Black "Leaper, Richard"]
[Result "0-1"]
[WhiteElo "1729"]
[BlackElo "1533"]
[PlyCount "76"]
[EventDate "2017.07.31"]
[EventType "swiss"]
[EventRounds "5"]
[EventCountry "WLS"]
[SourceTitle "EXT 2018"]
[Source "ChessBase"]
[SourceDate "2017.10.13"]
[SourceVersion "1"]
[SourceVersionDate "2017.10.13"]
[SourceQuality "1"]

1. d4 Nf6 2. Nf3 e6 3. Bf4 d6 4. Nbd2 Nbd7 5. e4 b6 6. Bd3 Bb7 7. 0-0 g6 8. e5 dxe5 9. dxe5 Nd5 10. Bg5 Ne7 11. Qe2 Bg7 12. c4 h6 13. Bh4 g5 14. Bg3 Nc5 15. Bc2 Nf5 16. b4 Nd7 17. Rad1 g4 18. Nh4 Nxg3 19. fxg3 Nxe5 20. Ndf3 Nxf3+ 21. Nxf3 Qe7 22. Ne1 Qxb4 23. Qxg4 Qc5+ 24. Kh1 Qg5 25. Ba4+ c6 26. Qf3 0-0 27. Rd7 Rab8 28. Bxc6 Bxc6 29. Qxc6 Qa5 30. Qc7 Rbc8 31. Qxa7 Qxa7 32. Rxa7 Rxc4 33. Rb7 Rc1 34. Rg1 Bd4 35. Nf3 Bxg1 36. Nxg1 Rd8 37. h4 Rdd1 38. Kh2 Rxg1 0-1

[Event "BCF-ch Week2 AM op"]
[Site "Bournemouth"]
[Date "2016.08.03"]
[Round "3"]
[White "Fleming, Andrew"]
[Black "Leaper, Richard"]
[Result "1-0"]
[WhiteElo "1909"]
[BlackElo "1645"]
[PlyCount "49"]
[EventDate "2016.08.01"]
[EventType "swiss"]
[EventRounds "5"]
[EventCountry "ENG"]
[SourceTitle "CBM 173 Extra"]
[Source "ChessBase"]
[SourceDate "2016.08.29"]
[SourceVersion "1"]
[SourceVersionDate "2016.08.29"]
[SourceQuality "1"]

1. e4 e5 2. Nf3 Nc6 3. Bb5 Nf6 4. 0-0 d6 5. d3 a6 6. Ba4 b5 7. Bb3 Be7 8. h3 0-0 9. c3 Na5 10. Bc2 c5 11. Be3 Nc6 12. d4 cxd4 13. cxd4 exd4 14. Nxd4 Nxd4 15. Bxd4 Bb7 16. Re1 Re8 17. Nd2 Rc8 18. Bd3 Qd7 19. Nf1 h6 20. Ng3 Bd8 21. Qd2 Be7 22. Nf5 Nxe4 23. Nxh6+ gxh6 24. Qxh6 Nf6 25. Bh7+ 1-0

[Event "BCF-ch Week2 AM op"]
[Site "Bournemouth"]
[Date "2016.08.01"]
[Round "1"]
[White "Staniland, Philip"]
[Black "Leaper, Richard"]
[Result "0-1"]
[WhiteElo "1915"]
[BlackElo "1645"]
[PlyCount "78"]
[EventDate "2016.08.01"]
[EventType "swiss"]
[EventRounds "5"]
[EventCountry "ENG"]
[SourceTitle "CBM 173 Extra"]
[Source "ChessBase"]
[SourceDate "2016.08.29"]
[SourceVersion "1"]
[SourceVersionDate "2016.08.29"]
[SourceQuality "1"]

1. d4 Nf6 2. Bf4 e6 3. e3 d5 4. Nf3 c5 5. c3 Nc6 6. Bd3 Bd7 7. Nbd2 Qb6 8. Rb1 cxd4 9. exd4 Rc8 10. 0-0 Be7 11. h3 0-0 12. Qe2 Rfe8 13. Ne5 h6 14. Ndf3 a6 15. Rfe1 Red8 16. Qe3 Bf8 17. h4 Be8 18. g4 Nd7 19. g5 h5 20. g6 Ndxe5 21. gxf7+ Nxf7 22. Qxe6 Be7 23. Qg6 Ng5 24. Qf5 Nxf3+ 25. Kf1 Nxh4 26. Qh7+ Kf7 27. Qxh5+ Kf8 28. Qh8+ Kf7 29. Re3 Bd7 30. Qh5+ Kf8 31. Bg6 Nxg6 32. Qxg6 Bf6 33. Rbe1 Nxd4 34. cxd4 Qb5+ 35. Kg2 Re8 36. Bd6+ Kg8 37. Rh1 Rxe3 38. Qh7+ Kf7 39. Qh5+ Ke6 0-1

[Event "BCF-ch U160"]
[Site "Aberystwyth"]
[Date "2014.08.01"]
[Round "5"]
[White "Leaper, Richard"]
[Black "Woodward, Vivian"]
[Result "0-1"]
[WhiteElo "133"]
[BlackElo "146"]
[PlyCount "74"]
[EventDate "2014.07.28"]
[EventType "swiss"]
[EventRounds "5"]
[EventCountry "WLS"]
[SourceTitle "EXT 2017"]
[Source "ChessBase"]
[SourceDate "2016.10.25"]
[SourceVersion "1"]
[SourceVersionDate "2016.10.25"]
[SourceQuality "1"]

1. e4 c5 2. Nf3 d6 3. d4 cxd4 4. Nxd4 Nf6 5. Nc3 g6 6. Be3 Bg7 7. f3 Nc6 8. Qd2 h5 9. 0-0-0 Bd7 10. h4 a6 11. Be2 Rc8 12. Kb1 Na5 13. Bf2 Nc4 14. Bxc4 Rxc4 15. Nde2 b5 16. Nf4 Rc6 17. Nfd5 Nxd5 18. Nxd5 a5 19. Bd4 f6 20. Nf4 e5 21. Nxg6 Rh6 22. Nxe5 fxe5 23. Be3 Rg6 24. Qd5 Bf6 25. Rd2 Qb8 26. f4 Ke7 27. fxe5 Bxe5 28. Bg5+ Bf6 29. Rf1 Rc5 30. Bxf6+ Rxf6 31. Qd3 Rxf1+ 32. Qxf1 Qg8 33. Qf4 Re5 34. Rf2 Qg7 35. Qe3 Re6 36. c3 Qg4 37. Qd4 Qxe4+ 0-1

[Event "BCF-ch U160"]
[Site "Aberystwyth"]
[Date "2014.07.31"]
[Round "4"]
[White "Connolly, Marcus PA"]
[Black "Leaper, Richard"]
[Result "1/2-1/2"]
[WhiteElo "153"]
[BlackElo "133"]
[PlyCount "53"]
[EventDate "2014.07.28"]
[EventType "swiss"]
[EventRounds "5"]
[EventCountry "WLS"]
[SourceTitle "EXT 2017"]
[Source "ChessBase"]
[SourceDate "2016.10.25"]
[SourceVersion "1"]
[SourceVersionDate "2016.10.25"]
[SourceQuality "1"]

1. f4 d5 2. Nf3 Nc6 3. e3 e6 4. b3 Nf6 5. Bb2 Bd6 6. Bb5 Bd7 7. 0-0 Qe7 8. Bxc6 Bxc6 9. Ne5 Bd7 10. d3 0-0-0 11. Nd2 Rhg8 12. Ndf3 h6 13. Nxd7 Nxd7 14. Ne5 g5 15. Nxd7 Rxd7 16. Be5 Bxe5 17. fxe5 g4 18. Rf6 h5 19. d4 Qf8 20. Qd3 Qg7 21. Raf1 Rh8 22. R1f4 Rh7 23. c4 dxc4 24. bxc4 c6 25. a4 a6 26. a5 Rh6 27. Rxh6 1/2-1/2

[Event "BCF-ch Soanes op"]
[Site "Aberystwyth"]
[Date "2014.07.25"]
[Round "1"]
[White "Glover, Gordon L"]
[Black "Leaper, Richard"]
[Result "1/2-1/2"]
[WhiteElo "122"]
[BlackElo "133"]
[PlyCount "59"]
[EventDate "2014.07.25"]
[EventType "tourn"]
[EventRounds "5"]
[EventCountry "WLS"]
[SourceTitle "EXT 2017"]
[Source "ChessBase"]
[SourceDate "2016.10.25"]
[SourceVersion "1"]
[SourceVersionDate "2016.10.25"]
[SourceQuality "1"]

1. d4 Nf6 2. Nf3 e6 3. Bg5 b6 4. e3 Bb7 5. h3 Be7 6. Nbd2 d6 7. Bf4 Nbd7 8. Be2 h6 9. a4 a6 10. c4 d5 11. 0-0 dxc4 12. Bxc4 Nd5 13. Bxd5 Bxd5 14. e4 Bb7 15. a5 b5 16. Rc1 Rc8 17. Ne5 Nxe5 18. Bxe5 Bf6 19. Qh5 g6 20. Bxf6 Qxf6 21. Qc5 Qf4 22. Qa7 Bxe4 23. Nxe4 Qxe4 24. Qxa6 0-0 25. Qxb5 Qxd4 26. Rc4 Qd6 27. Qc6 Qe5 28. b4 Rfd8 29. a6 Qb2 30. Qf3 1/2-1/2